Responses for show #3366 - Monday, April 5, 1999

1999 Celebrity Jeopardy! TV Personalities Night.

Contestants

Greg Germann, an actor from Ally McBeal

Jodi Applegate, a journalist and co-anchor from the Today show

Scott Hamilton, an Olympic figure skater from Discover Stars on Ice

Jeopardy! Round responses

PRESIDENTIAL NICKNAMES
AN ACTOR'S LIFE
MR. MIKE
NURSERY RHYMES
FAMOUS PARTNERS
"HOP" TO IT
    $100 4
Abraham Lincoln

Jodi
    $100 6
the scenery

Jodi
    $100 1
Mike Tyson

Jodi
    $100 26
(Greg: Who is Peter Piper?)

Tom

Greg
Triple Stumper
    $100 8
Laurel & Hardy

Jodi
    $100 2
Hip hop

Jodi
    $200 5
Thomas Jefferson

Scott
    $200 7
SAG (Screen Actors Guild)

Scott
    $200 20
Mike Myers

Jodi
    $200 27
Jack & Jill

Scott
    $200 9
William Clark

Scott
    $200 3
hopscotch

Scott
    $300 10
Harry S. Truman

Greg
    $300 15
repertory

Jodi
    $300 23
Mike Love

Jodi
    $300 28
[buzzer sounds to end the round]

Jack Sprat & his wife

Jodi
    $300 12
Tommy Lee Jones & Will Smith

Scott
    $300 19
(Scott: What is drinking?)

barhopping

ScottGreg
    $400 11
Ulysses S. Grant

Triple Stumper
    $400 16
(Jodi: What is a publicity representative?)

publicist

Jodi
    $400 22
(Alex: And we have about a minute to go in the round.)

Mike Wallace

Greg
    $600 13
David Packard

Scott
    $400 25
(Jodi: What is "Hoppin' at the Savoy?")

the bunny hop

ScottJodi
    $500 14
(Jodi: Who is John Tyler?)

William Henry Harrison

Jodi
Triple Stumper
    $500 17
the boards

Greg
    $500 21
Mike Schmidt

Jodi
    $500 18
John Bausch

Jodi
    $500 24
clodhoppers

Scott

Scores at the first commercial break (after clue 13):

Scott Jodi Greg
$1,700 $500 $300

Scores at the end of the Jeopardy! Round:

Scott Jodi Greg
$2,500 $2,100 $1,400

Double Jeopardy! Round responses

SECOND-LARGEST CITIES
(Alex: You identify the country.)
HIT TUNES
ASTROLOGY FOR SKATERS
TOUGH TV
GIVE "UP"
WE SURRENDER
    $200 1
(Scott: What is Frankfurt?)
(Alex: We need the country.)

Germany

ScottJodi
    $200 21
(Greg: What is the Lambada?)

the Macarena

ScottGreg
    $200 3
Leo

Jodi
    $200 8
Corky

Scott
    $200 16
uppercut

Jodi
    $200 26
Japan

Jodi
    $400 2
Australia

Scott
    $400 22
"My Heart Will Go On"

Triple Stumper
    $400 5
Virgo

Scott
    $400 12
Corky

Triple Stumper
    $400 17
up the river

Scott
    $400 27
Atlanta

Jodi
    $600 4
Brazil

Greg
    $600 23
the Everly Brothers

Greg
    $600 9
Pisces

Greg
    $600 13
Corky

Triple Stumper
    $600 18
Upper East Side

Jodi
    $3,000 28
Geronimo

Jodi
    $1,500 6
The Netherlands (Holland)

Scott
    $800 24
Captain & Tennille

Jodi
    $800 10
Capricorn

Triple Stumper
    $800 14
Corky

Jodi
    $800 19
John Updike

Jodi
    $800 29
(Jodi: Who is Louis XVI?)

Napoleon

ScottJodi
    $1000 7
Egypt

Greg
    $1000 25
(Jodi: What is "Money Money?")
....
(Alex: One minute to go.)

"Mony Mony"

Jodi
Triple Stumper
    $1000 11
Libra

Jodi
    $1000 15
(Greg: What is Corky?)

Cubby

Greg
Triple Stumper
    $1000 20
"Up, Up and Away"

Scott
    $1000 30
Dien Bien Phu

Triple Stumper

Scores at the end of the Double Jeopardy! Round:

Scott Jodi Greg
$7,200 $8,500 $3,000

[wagering suggestions for these scores]

Final Jeopardy! Round responses

ANIMALS
GregWhat are Panda's
$3,000
ScottWhat are Panda Bears
$7,200
JodiWhat are PANDAs?
$5,901
pandas

Final scores:

Scott Jodi Greg
$14,400 $14,401 $6,000
2nd place: $14,400 for the Make-a-Wish Foundation Winner: $15,000 for Sisters of St. Joseph 3rd place: $10,000 for the Ocean Park Community Center

Game dynamics:

Coryat scores:

Scott Jodi Greg
$6,300 $6,100 $3,000
17 R
(including 2 DDs),
2 W
23 R
(including 1 DD),
4 W
8 R,
3 W

Combined Coryat: $15,400

The J! Archive is created by fans, for fans. The Jeopardy! game show and all elements thereof, including but not limited to copyright and trademark thereto, are the property of Jeopardy Productions, Inc. and are protected under law. This website is not affiliated with, sponsored by, or operated by Jeopardy Productions, Inc. Join the discussion at JBoard.tv.